The collected poems of Wallace Stevens / (Record no. 128507)

MARC details
000 -LEADER
fixed length control field 00556nam a22002057a 4500
005 - DATE AND TIME OF LATEST TRANSACTION
control field 20170124110040.0
010 ## - LIBRARY OF CONGRESS CONTROL NUMBER
LC control number 736948
020 ## - INTERNATIONAL STANDARD BOOK NUMBER
Terms of availability 25.00
035 ## - SYSTEM CONTROL NUMBER
System control number 736948
037 ## - SOURCE OF ACQUISITION
Source of stock number/acquisition Cen Lib/Ret
040 ## - CATALOGING SOURCE
Original cataloging agency DPL
Language of cataloging EN
082 ## - DEWEY DECIMAL CLASSIFICATION NUMBER
Classification number 881
Item number STE
100 ## - MAIN ENTRY--PERSONAL NAME
Personal name Stevens, Wallace
9 (RLIN) 23632
245 ## - TITLE STATEMENT
Title The collected poems of Wallace Stevens /
Statement of responsibility, etc by Wallace Stevens
260 ## - PUBLICATION, DISTRIBUTION, ETC. (IMPRINT)
Name of publisher, distributor, etc Thomson Press
Date of publication, distribution, etc 1974
300 ## - PHYSICAL DESCRIPTION
Extent xv,534p.
Dimensions 24cm(Hb)
500 ## - GENERAL NOTE
General note Includes index
650 ## - SUBJECT ADDED ENTRY--TOPICAL TERM
Topical term or geographic name as entry element Poems of Stevens-Wallace.
9 (RLIN) 23633
942 ## - ADDED ENTRY ELEMENTS (KOHA)
Source of classification or shelving scheme Dewey Decimal Classification
Koha item type English Books
Classification part 881
Call number suffix STE
Holdings
Withdrawn status Lost status Damaged status Not for loan Home library Current library Date acquired Source of acquisition Cost, normal purchase price Total Checkouts Full call number Barcode Date last seen Date checked out Copy number Cost, replacement price Price effective from Koha item type
        Central Library Central Library 02/07/2015 Cen Lib/Ret 25.00 2 881 STE 736948 15/05/2023 28/04/2023 1 25.00 02/07/2015 English Books

© Delhi Public Library
Hit Counter
free hit counter